000 01114nam a2200277Ia 4500
003 OSt
005 20221005104036.0
006 a|||||r|||| 00| 0
007 ta
008 221004b |||||||| |||| 00| 0 san d
020 _a9788170846573 (hbk)
_c400
024 _a23426
037 _b202, 18/11/2015, Vidyanidhi Prakashan
_cTextual
040 _aCRL
_cCRL
_bsan
041 _2san
_asan
082 _aR672xG80,1, 152M1
100 _aस्वामी त्रिभुवनदास, अनु.
_911627
245 0 _aतत्वत्रयम्
246 _aTatvatrayam
260 _aदिल्ली
_bचौखम्बा संस्कृत प्रतिष्ठान भारत
_c2015
300 _a181पृ0
_ccm.
490 _aव्रजजीवन प्राच्यभारती ग्रन्थमाला; 185
650 _aभारतीय दर्शन
942 _hR672xG80,1, 152M1
_cTEXL
_2cc
999 _c1011567
_d1011567